Managing personal computer workstations : (Record no. 60978)
[ view plain ]
| 000 -LEADER | |
|---|---|
| fixed length control field | 00856nam a2200277 a 4500 |
| 001 - CONTROL NUMBER | |
| control field | 60978 |
| 003 - CONTROL NUMBER IDENTIFIER | |
| rucl marc code | BD-RjUL |
| 005 - DATE AND TIME OF LATEST TRANSACTION | |
| control field | 20211209080917.0 |
| 008 - FIXED-LENGTH DATA ELEMENTS--GENERAL INFORMATION | |
| fixed length control field | 170105s1984 ilua 001 0 eng d |
| 020 ## - INTERNATIONAL STANDARD BOOK NUMBER | |
| International Standard Book Number | 0870945122 |
| 035 ## - SYSTEM CONTROL NUMBER | |
| System control number | (BD-RjUL)61102 |
| 040 ## - CATALOGING SOURCE | |
| Original cataloging agency | DLC |
| Transcribing agency | DLC |
| Modifying agency | DLC |
| Language of cataloging | eng |
| 041 ## - LANGUAGE CODE | |
| Language code of text/sound track or separate title | eng |
| 082 00 - DEWEY DECIMAL CLASSIFICATION NUMBER | |
| Classification number | 650.285 |
| Edition number | 23 |
| Author mark and year | WOM 1984 |
| 100 1# - MAIN ENTRY--PERSONAL NAME | |
| Personal name | Woodwell, Donald R. |
| 9 (RLIN) | 181844 |
| 245 10 - TITLE STATEMENT | |
| Title | Managing personal computer workstations : |
| Remainder of title | a corporate resource / |
| Statement of responsibility, etc. | Donald R. Woodwell. |
| 260 ## - PUBLICATION, DISTRIBUTION, ETC. (IMPRINT) | |
| Place of publication, distribution, etc. | Homewood, Ill. : |
| Name of publisher, distributor, etc. | Dow Jones-Irwin, |
| Date of publication, distribution, etc. | c1984. |
| 300 ## - PHYSICAL DESCRIPTION | |
| Pagination | xiii, 208 p. : |
| Illustrations | ill. ; |
| Size | 24 cm. |
| 500 ## - GENERAL NOTE | |
| General note | Includes index. |
| 650 #0 - SUBJECT ADDED ENTRY--TOPICAL TERM | |
| Topical term or geographic name as entry element | Business |
| General subdivision | Data processing. |
| 9 (RLIN) | 181826 |
| Topical term or geographic name as entry element | Microcomputers. |
| 9 (RLIN) | 181828 |
| Topical term or geographic name as entry element | Computer networks. |
| 9 (RLIN) | 180143 |
| Topical term or geographic name as entry element | Microcomputer workstations. |
| 9 (RLIN) | 181845 |
| 942 ## - ADDED ENTRY ELEMENTS (KOHA) | |
| Source of classification or shelving scheme | Dewey Decimal Classification |
| Koha item type | Books |
| Lost status | Source of classification or shelving scheme | Damaged status | Not for loan | Collection code | Permanent Location | Current Location | Shelving location | Date acquired | Total Checkouts | Full call number | Date last seen | Copy number | Koha item type |
|---|---|---|---|---|---|---|---|---|---|---|---|---|---|
| Dewey Decimal Classification | Not For Loan | Non-fiction | Central Library, University of Rajshahi | Central Library, University of Rajshahi | Reading Room | 22/10/1985 | 650.285 WOM 1984 | 05/01/2017 | C-1 | Books |